000 00290nam a2200133Ia 4500
008 221030s9999 xx 000 0 und d
041 _aEnglish
082 _a105.23
100 _aVivek Sharma/02
245 0 _aVISUAL BASIC 6.0
260 _aJammu
_c1999
650 _aComputers
942 _cTH
999 _c733
_d733